000
00329nam a2200133Ia 4500
008
231017s9999 xx 000 0 und d
082
_a
620.1129
082
_b
NGU
245
0
_a
Dielectric Measurements for Saturation Determination
245
0
_c
Buu Long Nguyen
260
_b
Buu Long Nguyen
300
_c
30cm
942
_c
REP
999
_c
603921
_d
603921